|
|
|
|
| LEADER |
02604nam a2200637 i 4500 |
| 001 |
nkc20203233353 |
| 003 |
CZ PrNK |
| 005 |
20210111095230.0 |
| 007 |
ta |
| 008 |
200630s2020 xr e l 001 0 cze |
| 015 |
|
|
|a cnb003233353
|
| 020 |
|
|
|a 978-80-7502-400-8
|q (vázáno)
|
| 035 |
|
|
|a (OCoLC)1230104900
|
| 040 |
|
|
|a ABA001
|b cze
|d BOA001
|e rda
|
| 043 |
|
|
|a e-xr---
|
| 072 |
|
7 |
|a 349
|x Pracovní, sociální, stavební právo. Právo životního prostředí
|2 Konspekt
|9 16
|
| 080 |
|
|
|a 349.442
|2 MRF
|
| 080 |
|
|
|a (437.3)
|2 MRF
|
| 080 |
|
|
|a (094.5)
|2 MRF
|
| 080 |
|
|
|a (0.072)
|2 MRF
|
| 100 |
1 |
|
|a Průcha, Petr,
|d 1949-
|7 jk01101429
|4 cwt
|
| 245 |
1 |
0 |
|a Stavební zákon :
|b praktický komentář /
|c Petr Průcha, Jana Gregorová a kolektiv autorů ve složení: Ján Bahýľ, Eva Hamrlová, Stanislava Neubauerová, Pavel Půček, Martin Studnička, Jana Vašíková, Dominik Židek
|
| 250 |
|
|
|a 2. aktualizované vydání
|
| 264 |
|
1 |
|a Praha :
|b Leges,
|c 2020
|
| 300 |
|
|
|a xxiv, 1073 stran ;
|c 21 cm
|
| 336 |
|
|
|a text
|b txt
|2 rdacontent
|
| 337 |
|
|
|a bez média
|b n
|2 rdamedia
|
| 338 |
|
|
|a svazek
|b nc
|2 rdacarrier
|
| 490 |
1 |
|
|a Komentátor
|
| 500 |
|
|
|a "Podle stavu k 1.6.2020"
|
| 500 |
|
|
|a "Vydání druhé"--Tiráž
|
| 504 |
|
|
|a Obsahuje bibliografické odkazy a rejstřík
|
| 505 |
2 |
0 |
|t Zákon č. 183/2006 Sb., o územním plánování a stavebním řádu (stavební zákon)
|
| 650 |
0 |
7 |
|a stavební právo
|7 ph126081
|z Česko
|2 czenas
|
| 650 |
0 |
9 |
|a building law
|z Czechia
|2 eczenas
|
| 655 |
|
7 |
|a zákony
|7 fd133886
|2 czenas
|
| 655 |
|
7 |
|a komentáře
|7 fd132578
|2 czenas
|
| 655 |
|
9 |
|a laws
|2 eczenas
|
| 655 |
|
9 |
|a commentaries
|2 eczenas
|
| 700 |
1 |
|
|a Gregorová, Jana
|7 xx0204509
|4 cwt
|
| 700 |
1 |
|
|a Bahýľ, Ján
|7 xx0221823
|4 cwt
|
| 700 |
1 |
|
|a Hamrlová, Eva
|7 xx0210645
|4 cwt
|
| 700 |
1 |
|
|a Neubauerová, Stanislava
|7 xx0204511
|4 cwt
|
| 700 |
1 |
|
|a Půček, Pavel
|7 xx0210644
|4 cwt
|
| 700 |
1 |
|
|a Studnička, Martin
|7 xx0210643
|4 cwt
|
| 700 |
1 |
|
|a Vašíková, Jana
|7 xx0210642
|4 cwt
|
| 700 |
1 |
|
|a Židek, Dominik,
|d 1989-
|7 mub2014807415
|4 cwt
|
| 710 |
1 |
2 |
|a Česko.
|t Stavební zákon (2006, novela 2020)
|7 kon20201096300
|
| 830 |
|
0 |
|a Komentátor
|0 s
|
| 910 |
2 |
|
|a BOA001
|b 2-1456.272
|
| 990 |
|
|
|a BK
|
| 995 |
|
|
|a 01
|
| 991 |
|
|
|b 202101
|c NOV
|
| 996 |
6 |
|
|b 2610846777
|c 2-1456.272
|l MZK
|r Sklad / do 1 hodiny
|n 5
|p p.v.
|w 001835338
|u 000010
|a 1
|e BOA001
|j MZK50
|s P
|
| 996 |
6 |
|
|b 2610848034
|c 2-1456.272
|l MZK
|r HSS 4p
|n 0
|p kup
|h 349 PRU
|w 001835338
|u 000020
|a 0
|e BOA001
|j MZK50
|s P
|
| 996 |
7 |
|
|b 2610848035
|c 2-1456.272
|l Vol.výběr
|r VV 0p
|n 14
|p kup
|h 349 PRU
|w 001835338
|u 000030
|a 0
|e BOA001
|j MZK50
|s A
|